Statistiques concernant Les armées ayant gagné le plus de batailles

Cliquez ici pour prendre le quiz!

Statistiques générales

  • Ce quiz a été pris 590 fois
  • Le résultat moyen est 46 sur 100

Statistiques - réponses

Nombre de victoiresPays% Correct
1115France
100%
833Etats-Unis
98%
1105Royaume-Uni
97%
491Russie
97%
425Allemagne
95%
183Japon
95%
244Chine
94%
387Espagne
93%
132Italie
91%
82Canada
86%
93Inde
85%
66Mexique
85%
103Portugal
85%
31Brésil
84%
210Turquie
84%
137Australie
81%
102Iran
81%
165Suède
81%
344Pologne
80%
89Grèce
79%
37Argentine
78%
76Egypte
78%
78Corée
77%
26Norvège
77%
209Autriche
76%
31Maroc
75%
27Suisse
75%
29Belgique
74%
27Finlande
74%
40Irak
73%
92Mongolie
72%
58Hongrie
71%
114Pays-Bas
71%
27Irlande
70%
49Vietnam
70%
61Afrique du Sud
69%
79Danemark
68%
54Israël
68%
18Colombie
66%
34Chili
64%
36Roumanie
64%
45Serbie
64%
62Nouvelle Zélande
62%
36Croatie
57%
35Syrie
57%
73Bulgarie
56%
26Lituanie
56%
38Afghanistan
55%
14Venezuela
53%
15Estonie
51%
55Tchéquie
51%
18Albanie
48%
50Macédoine
48%
259Rome
47%
24Ethiopie
44%
23Arménie
42%
23Géorgie
39%
20Philippines
37%
18Corée du Nord
36%
15Vatican
34%
15Moldavie
31%
135Prusse
31%
69Ecosse
30%
16Tchad
26%
37Athènes
20%
107Empire Byzantin
19%
31Pays de Galles
19%
23Sparte
19%
41Carthage
16%
29Venise
16%
42Bavière
13%
17Bretagne
13%
21Bourgogne
11%
128Confédération
11%
38Saxe
11%
23Sicile
11%
31Aragon
9%
19Milan
9%
27Normandie
9%
15Catalogne
8%
13Texas
8%
108Califats Islamiques
7%
44Etats latins d'Orient
6%
26Goths
6%
15Hanovre
5%
17Cordoue
3%
33Empire Timouride
3%
28Hesse
3%
90Royalistes français
3%
15Syracuse
3%
17Wurtemberg
3%
29Clan Takeda
2%
25Cosaques
2%
16Daesh
2%
15Hussites
2%
28Vietnam du Sud
2%
14Clan Hojo
1%
18Empire Sikh
1%
15Galicie-Volhynie
1%
16Russes blancs
1%

Distribution des résultats

Percentile par nombre de réponses

% des personnes avec chaque résultat

Votre développement - résultats

Vous n’avez pas pris ce quiz